Tribhuvan University Central Library

Institutional development for women empowerment and poverty alleviation project (Record no. 25677)

MARC details
000 -LEADER
fixed length control field 007620000a22002770004500
082 ## - DEWEY DECIMAL CLASSIFICATION NUMBER
Classification number 301.412
Item number R324i
-- N
041 ## - LANGUAGE CODE
Language code of text/sound track or separate title Eng
111 ## - MAIN ENTRY--MEETING NAME
Meeting name or jurisdiction name as entry element Review and Planning Workship, Nepal, Hetauda, 17-18 August 2000
245 ## - TITLE STATEMENT
Title Institutional development for women empowerment and poverty alleviation project
260 ## - PUBLICATION, DISTRIBUTION, ETC. (IMPRINT)
Place of publication, distribution, etc Hetauda
Name of publisher, distributor, etc Plan International Nepal, Nepal
260 ## - PUBLICATION, DISTRIBUTION, ETC. (IMPRINT)
Date of publication, distribution, etc 2000
300 ## - PHYSICAL DESCRIPTION
Extent 47p.
Other physical details illus.
518 ## - DATE/TIME AND PLACE OF AN EVENT NOTE
Date/time and place of an event note 20020203
530 ## - ADDITIONAL PHYSICAL FORM AVAILABLE NOTE
Additional physical form available note M
650 ## - SUBJECT ADDED ENTRY--TOPICAL TERM
Topical term or geographic name as entry element Women
650 ## - SUBJECT ADDED ENTRY--TOPICAL TERM
Topical term or geographic name as entry element Women's participation
650 ## - SUBJECT ADDED ENTRY--TOPICAL TERM
Topical term or geographic name as entry element Poverty alleviation
650 ## - SUBJECT ADDED ENTRY--TOPICAL TERM
Topical term or geographic name as entry element Women workers
650 ## - SUBJECT ADDED ENTRY--TOPICAL TERM
Topical term or geographic name as entry element Women's role
650 ## - SUBJECT ADDED ENTRY--TOPICAL TERM
Topical term or geographic name as entry element Child welfare
651 ## - SUBJECT ADDED ENTRY--GEOGRAPHIC NAME
Geographic name Nepal
651 ## - SUBJECT ADDED ENTRY--GEOGRAPHIC NAME
Geographic name Makwanpur District
651 ## - SUBJECT ADDED ENTRY--GEOGRAPHIC NAME
Geographic name Makwanpur
650 ## - SUBJECT ADDED ENTRY--TOPICAL TERM
Topical term or geographic name as entry element Plan Internation Nepal
942 ## - ADDED ENTRY ELEMENTS (KOHA)
Koha item type General Collections
Holdings
Withdrawn status Lost status Damaged status Not for loan Home library Current library Date acquired Total Checkouts Barcode Date last seen Price effective from
        Tribhuvan University Central Library Tribhuvan University Central Library 06/20/2010   G54798 06/20/2010 06/20/2010